[Event "World op 53rd"]
[Site "Philadephia"]
[Date "2025.07.03"]
[Round "1"]
[White "Nanugonda, Vishva"]
[Black "Adewumi, Tanitoluwa"]
[Result "0-1"]
[WhiteElo "2075"]
[BlackElo "2397"]
[PlyCount "138"]
[EventDate "2025.07.03"]
[EventType "swiss"]
[EventRounds "9"]
[EventCountry "USA"]
[SourceTitle "CB28_2025"]
[SourceDate "2025.07.09"]
[SourceVersion "1"]
[SourceVersionDate "2025.07.09"]
[SourceQuality "1"]

1. d4 g6 2. c4 Bg7 3. Nc3 c5 4. e3 cxd4 5. exd4 Nf6 6. Be3 d5 7. Nf3 Nc6 8. c5 0-0 9. Be2 Ne4 10. Qb3 e6 11. 0-0 Qa5 12. Rad1 Rd8 13. Nxe4 dxe4 14. Ng5 h6 15. Nxe4 Nxd4 16. Bxd4 Bxd4 17. Bc4 Qc7 18. Rd2 b6 19. cxb6 axb6 20. Rfd1 e5 21. Bd5 Ra7 22. Rc2 Qe7 23. Rxd4 exd4 24. Qxb6 Bf5 25. Re2 Qc7 26. Qb4 Bxe4 27. Bxe4 Rxa2 28. g3 Qd6 29. Qc4 Qa6 30. Qxa6 Rxa6 31. Bd3 Ra1+ 32. Kg2 Rd1 33. Bc2 d3 34. Bxd1 dxe2 35. Bxe2 Rd2 36. Bf3 Rxb2 37. h3 Kg7 38. Bd5 f5 39. h4 Kf6 40. Kf3 Rd2 41. Bc6 Rd6 42. Bb7 Rb6 43. Bd5 Rb5 44. Bc4 Rc5 45. Ba6 Ke5 46. Bb7 Rc3+ 47. Kg2 Kd4 48. Ba6 Rc6 49. Bb5 Re6 50. Kf3 Kc3 51. Bd7 Re7 52. Bc8 Kd2 53. h5 g5 54. Bxf5 Ke1 55. g4 Re2 56. Bd7 Rxf2+ 57. Ke4 Rf4+ 58. Ke5 Kf2 59. Bf5 Kg3 60. Kf6 Rxg4 61. Bxg4 Kxg4 62. Kg6 Kh4 63. Kxh6 g4 64. Kg6 g3 65. h6 g2 66. h7 g1Q+ 67. Kf7 Qd4 68. Kg8 Qd8+ 69. Kg7 Qe7+ 0-1

[Event "Las Vegas National op"]
[Site "Las Vegas"]
[Date "2024.06.06"]
[Round "1"]
[White "Nanugonda, Vishva"]
[Black "Vertetics, Attila"]
[Result "0-1"]
[WhiteElo "2051"]
[BlackElo "2438"]
[PlyCount "66"]
[EventDate "2024.06.03"]
[EventType "swiss"]
[EventRounds "9"]
[EventCountry "USA"]
[SourceTitle "CBM 220 Extra"]
[Source "ChessBase"]
[SourceDate "2024.07.31"]
[SourceVersion "1"]
[SourceVersionDate "2024.07.31"]
[SourceQuality "1"]

1. d4 Nf6 2. c4 e6 3. Nc3 Bb4 4. Qc2 d6 5. Nf3 Nbd7 6. Bd2 0-0 7. a3 Bxc3 8. Bxc3 Qe7 9. e3 b6 10. Be2 Bb7 11. 0-0 a5 12. b4 Ne4 13. Nd2 Nxc3 14. Qxc3 Rfd8 15. Rab1 Nf6 16. Bf3 Bxf3 17. Nxf3 axb4 18. axb4 Ra4 19. Ra1 Rda8 20. Nd2 Qe8 21. Nb3 h6 22. h3 R8a7 23. Rxa4 Rxa4 24. Ra1 Qa8 25. f3 b5 26. Rxa4 Qxa4 27. e4 bxc4 28. Qxc4 d5 29. exd5 Nxd5 30. Kh2 Qa2 31. Qd3 Nxb4 32. Qd1 Nd5 33. Nd2 Ne3 0-1

[Event "Las Vegas 1000 GM GM-A"]
[Site "Las Vegas"]
[Date "2024.06.03"]
[Round "7"]
[White "Nanugonda, Vishva"]
[Black "Cordova, Emilio"]
[Result "1/2-1/2"]
[WhiteElo "2063"]
[BlackElo "2540"]
[PlyCount "79"]
[EventDate "2024.05.31"]
[EventType "tourn"]
[EventRounds "9"]
[EventCountry "USA"]
[EventCategory "6"]
[SourceTitle "CBM 220 Extra"]
[Source "ChessBase"]
[SourceDate "2024.07.31"]
[SourceVersion "1"]
[SourceVersionDate "2024.07.31"]
[SourceQuality "1"]

1. d4 Nf6 2. c4 e6 3. Nc3 Bb4 4. Qc2 c5 5. dxc5 0-0 6. Nf3 Bxc5 7. a3 b6 8. Bf4 Bb7 9. Rd1 a6 10. e3 Be7 11. Be2 d6 12. 0-0 Nh5 13. Ng5 Bxg5 14. Bxd6 Nf6 15. Bxf8 Qxf8 16. f4 Bh6 17. g4 Nbd7 18. g5 Qc5 19. gxh6 Qxe3+ 20. Rf2 Nc5 21. Qd2 Qxf2+ 22. Kxf2 Nce4+ 23. Nxe4 Nxe4+ 24. Ke3 Nxd2 25. Rxd2 Rb8 26. Rd6 Bh1 27. b4 gxh6 28. Kd4 a5 29. Rd7 axb4 30. axb4 Bc6 31. Rd6 Be8 32. f5 exf5 33. Rxh6 Bd7 34. Rd6 Be6 35. Ke5 Kg7 36. h4 Re8 37. Kd4 Rb8 38. Ke5 Re8 39. Kd4 Rb8 40. Ke5 1/2-1/2

[Event "Las Vegas 1000 GM GM-A"]
[Site "Las Vegas"]
[Date "2024.06.03"]
[Round "6"]
[White "Rorrer, Grayson"]
[Black "Nanugonda, Vishva"]
[Result "1-0"]
[WhiteElo "2409"]
[BlackElo "2063"]
[PlyCount "69"]
[EventDate "2024.05.31"]
[EventType "tourn"]
[EventRounds "9"]
[EventCountry "USA"]
[EventCategory "6"]
[SourceTitle "CBM 220 Extra"]
[Source "ChessBase"]
[SourceDate "2024.07.31"]
[SourceVersion "1"]
[SourceVersionDate "2024.07.31"]
[SourceQuality "1"]

1. e4 e5 2. Nf3 Nc6 3. Bb5 Nf6 4. d3 Bc5 5. Bg5 a6 6. Bxc6 dxc6 7. 0-0 Bg4 8. h3 Bxf3 9. Qxf3 Be7 10. Nd2 Nd7 11. Bxe7 Qxe7 12. Qe3 0-0 13. f4 exf4 14. Qxf4 Qe5 15. Qxe5 Nxe5 16. d4 Nd7 17. b4 a5 18. a3 Ra6 19. Nc4 axb4 20. axb4 Rfa8 21. Rxa6 Rxa6 22. Na5 c5 23. Nxb7 cxb4 24. Rb1 Ra2 25. Rxb4 Rxc2 26. Nc5 Nb6 27. Na6 Nd7 28. Rb7 Rc4 29. Nxc7 g6 30. Ne8 Nf8 31. Rxf7 Rxd4 32. Re7 h5 33. Nf6+ Kh8 34. Rf7 Rd8 35. e5 1-0

[Event "San Francisco 1000 GM Memorial Day"]
[Site "San Francisco"]
[Date "2024.05.26"]
[Round "6"]
[White "Nanugonda, Vishva"]
[Black "Deng, Henry"]
[Result "0-1"]
[WhiteElo "2063"]
[BlackElo "2307"]
[PlyCount "82"]
[EventDate "2024.05.23"]
[EventType "swiss"]
[EventRounds "9"]
[EventCountry "USA"]
[SourceTitle "CBM 220 Extra"]
[Source "ChessBase"]
[SourceDate "2024.07.31"]
[SourceVersion "1"]
[SourceVersionDate "2024.07.31"]
[SourceQuality "1"]

1. d4 d5 2. c4 c6 3. Nf3 Nf6 4. e3 Bf5 5. Nc3 e6 6. Nh4 Bg6 7. Nxg6 hxg6 8. Bd2 Nbd7 9. Qc2 Be7 10. 0-0-0 dxc4 11. Bxc4 b5 12. Be2 Rc8 13. Kb1 a6 14. Ne4 Qb6 15. Rc1 Nxe4 16. Qxe4 c5 17. dxc5 Nxc5 18. Qf3 0-0 19. Bb4 a5 20. Bxc5 Rxc5 21. Rxc5 Qxc5 22. Rc1 Qe5 23. Qf4 Qd5 24. Qf3 Qd6 25. Bxb5 Qb4 26. Bc4 Rb8 27. Qe2 a4 28. a3 Qxa3 29. Bxe6 Qb4 30. Ba2 Bf6 31. Rc2 a3 32. b3 Qe4 33. f4 Rc8 34. Kc1 Bb2+ 35. Kd1 Bc3 36. Kc1 Qd5 37. b4 Qe4 38. Bb1 Qxb4 39. Qd3 Qa5 40. Ba2 Bb2+ 41. Kb1 Qe1+ 0-1

[Event "San Francisco 1000 GM Memorial Day"]
[Site "San Francisco"]
[Date "2024.05.26"]
[Round "7"]
[White "Strikovic, Aleksa"]
[Black "Nanugonda, Vishva"]
[Result "1-0"]
[WhiteElo "2418"]
[BlackElo "2063"]
[PlyCount "75"]
[EventDate "2024.05.23"]
[EventType "swiss"]
[EventRounds "9"]
[EventCountry "USA"]
[SourceTitle "CBM 220 Extra"]
[Source "ChessBase"]
[SourceDate "2024.07.31"]
[SourceVersion "1"]
[SourceVersionDate "2024.07.31"]
[SourceQuality "1"]

1. c4 c5 2. Nf3 Nc6 3. d4 cxd4 4. Nxd4 Nf6 5. Nc3 e6 6. a3 Bc5 7. Nb3 Bb6 8. c5 Bc7 9. Nb5 Ne4 10. Nxc7+ Qxc7 11. Qc2 f5 12. g3 a5 13. Be3 a4 14. Nd2 Nxd2 15. Qxd2 Na5 16. Qc3 0-0 17. Bg2 Nb3 18. Rd1 Ra5 19. 0-0 Nxc5 20. Bf4 Qb6 21. Be5 Rf7 22. Rd6 Qa7 23. Rc1 b6 24. Qb4 Ra6 25. e4 f4 26. Bf1 fxg3 27. Bxg3 Rf3 28. Bxa6 Rb3 29. Bxc8 Rxb4 30. axb4 a3 31. bxc5 axb2 32. Rb1 Qa2 33. Rdd1 bxc5 34. Bxd7 Kf7 35. Be5 Qc4 36. Bc6 Qe2 37. Rd7+ Kf8 38. Rxb2 1-0

[Event "Sunnyvale 1000 GM Thanksgiving IM2"]
[Site "Sunnyvale"]
[Date "2023.11.26"]
[Round "9"]
[White "Garcia Guerrero, Isaac Antonio"]
[Black "Nanugonda, Vishva"]
[Result "1-0"]
[WhiteElo "2297"]
[BlackElo "2156"]
[PlyCount "65"]
[EventDate "2023.11.22"]
[EventType "schev"]
[EventRounds "9"]
[EventCountry "USA"]
[SourceTitle "CBM 217 Extra"]
[Source "ChessBase"]
[SourceDate "2024.01.31"]
[SourceVersion "1"]
[SourceVersionDate "2024.01.31"]
[SourceQuality "1"]

1. Nf3 d5 2. e3 Nf6 3. c4 c6 4. Nc3 e6 5. b3 Nbd7 6. Qc2 Bd6 7. Bb2 0-0 8. Be2 b6 9. cxd5 cxd5 10. Nb5 Bc5 11. 0-0 a6 12. d4 Be7 13. Nc3 Bb7 14. Rac1 Rc8 15. Qb1 b5 16. Bd3 Qb6 17. Rc2 Rc7 18. Rfc1 Rfc8 19. Ne5 h6 20. Ne2 Nxe5 21. dxe5 Nd7 22. Bd4 Bc5 23. Rxc5 Nxc5 24. Rxc5 Rxc5 25. b4 Qc7 26. bxc5 Bc6 27. h4 Rb8 28. Nf4 a5 29. Qd1 Kf8 30. Qg4 Qe7 31. Nh5 g6 32. Nf6 Kg7 33. h5 1-0

[Event "Sunnyvale 1000 GM Thanksgiving IM2"]
[Site "Sunnyvale"]
[Date "2023.11.26"]
[Round "8"]
[White "Nanugonda, Vishva"]
[Black "Srinath, Rao SV"]
[Result "1/2-1/2"]
[WhiteElo "2156"]
[BlackElo "2257"]
[PlyCount "85"]
[EventDate "2023.11.22"]
[EventType "schev"]
[EventRounds "9"]
[EventCountry "USA"]
[SourceTitle "CBM 217 Extra"]
[Source "ChessBase"]
[SourceDate "2024.01.31"]
[SourceVersion "1"]
[SourceVersionDate "2024.01.31"]
[SourceQuality "1"]

1. d4 Nf6 2. c4 g6 3. Nc3 Bg7 4. e4 d6 5. Nf3 0-0 6. h3 e5 7. d5 Nh5 8. g3 f5 9. Be2 Nf6 10. Bg5 Na6 11. Qc2 Nc5 12. Nd2 a5 13. 0-0-0 Qe8 14. Be3 Na6 15. f3 f4 16. gxf4 exf4 17. Bd4 Nxd5 18. cxd5 Bf6 19. Be5 Bxe5 20. Nb5 Bd4 21. Nb3 Be3+ 22. Kb1 Rf7 23. Nxa5 Bd7 24. Qc4 Qc8 25. h4 Nc5 26. Nb3 b6 27. N3d4 Ra4 28. Qc2 h6 29. Nc6 Rg7 30. Rh2 Qf8 31. Rg2 Qf6 32. b3 Ra8 33. Bc4 Kh8 34. Qb2 Rf8 35. Rh1 Na6 36. Qxf6 Rxf6 37. Nxd6 Rxd6 38. Bxa6 Bxc6 39. dxc6 Rxc6 40. Rd1 Re7 41. h5 g5 42. Bc8 Kg7 43. Rc2 1/2-1/2

[Event "Sunnyvale 1000 GM Thanksgiving IM2"]
[Site "Sunnyvale"]
[Date "2023.11.25"]
[Round "6"]
[White "Ramirez, Carlos"]
[Black "Nanugonda, Vishva"]
[Result "1/2-1/2"]
[WhiteElo "2227"]
[BlackElo "2156"]
[PlyCount "55"]
[EventDate "2023.11.22"]
[EventType "schev"]
[EventRounds "9"]
[EventCountry "USA"]
[SourceTitle "CBM 217 Extra"]
[Source "ChessBase"]
[SourceDate "2024.01.31"]
[SourceVersion "1"]
[SourceVersionDate "2024.01.31"]
[SourceQuality "1"]

1. d4 d5 2. c4 c6 3. Nf3 Nf6 4. Nc3 dxc4 5. a4 Bf5 6. e3 e6 7. Bxc4 Bb4 8. 0-0 Nbd7 9. Qe2 0-0 10. Rd1 Ne4 11. Nxe4 Bxe4 12. Bd2 Qa5 13. Bxb4 Qxb4 14. Nd2 Bg6 15. Bd3 Bxd3 16. Qxd3 Nf6 17. Qc3 Qe7 18. Nc4 Nd5 19. Qd2 Rad8 20. Rac1 Nb4 21. Ne5 Rd5 22. Nf3 Na6 23. Qc2 Rfd8 24. h3 Qb4 25. b3 g6 26. Ne5 c5 27. Nd3 Qb6 28. Nxc5 1/2-1/2

[Event "Sunnyvale 1000 GM Thanksgiving IM2"]
[Site "Sunnyvale"]
[Date "2023.11.24"]
[Round "5"]
[White "Nanugonda, Vishva"]
[Black "Rodi, Luis Ernesto"]
[Result "1-0"]
[WhiteElo "2156"]
[BlackElo "2201"]
[PlyCount "129"]
[EventDate "2023.11.22"]
[EventType "schev"]
[EventRounds "9"]
[EventCountry "USA"]
[SourceTitle "CBM 217 Extra"]
[Source "ChessBase"]
[SourceDate "2024.01.31"]
[SourceVersion "1"]
[SourceVersionDate "2024.01.31"]
[SourceQuality "1"]

1. d4 Nf6 2. c4 e6 3. Nc3 Bb4 4. Qc2 0-0 5. e4 d5 6. e5 Ne4 7. Bd3 c5 8. Nf3 cxd4 9. Nxd4 Nd7 10. Bf4 Ndc5 11. 0-0 Bxc3 12. bxc3 Nxd3 13. Qxd3 b6 14. cxd5 Qxd5 15. c4 Nc5 16. Qc3 Qe4 17. Bg3 Na4 18. Qd2 Rd8 19. Rfd1 Ba6 20. f3 Qb7 21. Qc2 Nc5 22. Nb3 Qc7 23. h3 Rac8 24. Kh2 Nb7 25. Rxd8+ Rxd8 26. Rc1 Rc8 27. Nd2 Na5 28. Qe4 Nxc4 29. Qf4 h6 30. Ne4 Qd8 31. Bh4 Qd3 32. Rc3 Qd5 33. Bf6 Kf8 34. Bxg7+ Kxg7 35. Qf6+ Kg8 36. Qxh6 Qxe5+ 37. f4 Qxe4 38. Rg3+ Qg6 39. Rxg6+ fxg6 40. Qxg6+ Kf8 41. Qf6+ Ke8 42. Qxe6+ Kf8 43. f5 Rc7 44. Qf6+ Ke8 45. Qh8+ Kd7 46. Qg7+ Kc6 47. Qf6+ Nd6 48. g4 Bc4 49. a3 Kd7 50. h4 Bd5 51. Qg7+ Bf7 52. h5 Kc8 53. Qf8+ Kd7 54. h6 Rc2+ 55. Kh3 Rc1 56. Qg7 Kc6 57. h7 Rh1+ 58. Kg3 Nxf5+ 59. gxf5 Rg1+ 60. Kf4 Rxg7 61. h8Q Rg1 62. Qf6+ Kb5 63. Qxf7 a5 64. Qd5+ Ka6 65. f6 1-0

[Event "Sunnyvale 1000 GM Schev-A 09"]
[Site "Sunnyvale"]
[Date "2023.09.17"]
[Round "5"]
[White "Nanugonda, Vishva"]
[Black "Jaquez, Juan Manuel"]
[Result "1/2-1/2"]
[WhiteElo "2126"]
[BlackElo "2202"]
[PlyCount "111"]
[EventDate "2023.09.16"]
[EventType "schev"]
[EventRounds "5"]
[EventCountry "USA"]
[SourceTitle "CBM 216 Extra"]
[Source "ChessBase"]
[SourceDate "2023.11.30"]
[SourceVersion "1"]
[SourceVersionDate "2023.11.30"]
[SourceQuality "1"]

1. d4 Nf6 2. c4 e6 3. Nc3 Bb4 4. Qc2 c5 5. dxc5 Bxc5 6. a3 d5 7. Nf3 dxc4 8. Qa4+ Nbd7 9. Qxc4 a6 10. b4 b5 11. Qb3 Be7 12. e3 0-0 13. Be2 Bb7 14. Bb2 Qb6 15. 0-0 Rfd8 16. Rfd1 Rac8 17. Rac1 Qa7 18. a4 bxa4 19. Nxa4 Bd5 20. Qa3 a5 21. Nc5 Nxc5 22. Bd4 Nfe4 23. bxc5 Bxc5 24. Bxc5 Rxc5 25. Nd4 Rdc8 26. Rxc5 Qxc5 27. Qxc5 Rxc5 28. Rb1 g6 29. Ra1 Nc3 30. Bf1 e5 31. Nc2 Bb3 32. Na3 a4 33. f3 f5 34. Kf2 Kf7 35. Ke1 Nd5 36. Kd2 f4 37. exf4 exf4 38. Bd3 Ne3 39. g3 g5 40. Nb5 Kf6 41. Nc3 Ra5 42. Bxh7 Nc4+ 43. Kd3 Ne5+ 44. Ke2 a3 45. Bd3 Nc6 46. Kd2 Be6 47. Ne4+ Ke7 48. Kc3 a2 49. Kb2 Ra8 50. Nxg5 Rh8 51. Nxe6 Rxh2+ 52. Ka3 Kxe6 53. gxf4 Rf2 54. Be4 Nd4 55. Rxa2 Rxa2+ 56. Kxa2 1/2-1/2

[Event "Sunnyvale Silicon Valley Fall op"]
[Site "Sunnyvale"]
[Date "2023.09.02"]
[Round "4"]
[White "Nanugonda, Vishva"]
[Black "Yu, Jiangwei"]
[Result "1-0"]
[WhiteElo "2126"]
[BlackElo "2333"]
[PlyCount "165"]
[EventDate "2023.08.31"]
[EventType "swiss"]
[EventRounds "7"]
[EventCountry "USA"]
[SourceTitle "CBM 216 Extra"]
[Source "ChessBase"]
[SourceDate "2023.11.30"]
[SourceVersion "1"]
[SourceVersionDate "2023.11.30"]
[SourceQuality "1"]

1. d4 d5 2. c4 e6 3. Nc3 Nf6 4. Bg5 dxc4 5. e3 c5 6. dxc5 Qxd1+ 7. Rxd1 Bxc5 8. Bxc4 a6 9. Ke2 b5 10. Bd3 Bb7 11. Nf3 Nbd7 12. Rc1 Bb6 13. Bxf6 gxf6 14. b4 Ne5 15. Nxe5 fxe5 16. Be4 Bxe4 17. Nxe4 Ke7 18. Rc6 Rhb8 19. Rd1 a5 20. Rdd6 Bd8 21. bxa5 Rxa5 22. Ra6 Rc8 23. Rxa5 Bxa5 24. Ra6 Bc7 25. Rc6 Kd7 26. Rc2 h6 27. Nf6+ Kd6 28. Ne4+ Kd7 29. g4 Ra8 30. h4 Bd8 31. h5 Be7 32. Rb2 Kc6 33. Rc2+ Kd7 34. Kf3 b4 35. Nd2 f5 36. Nc4 fxg4+ 37. Ke4 Bd8 38. Nxe5+ Ke7 39. Nxg4 Ra5 40. Ne5 Rb5 41. Rd2 b3 42. axb3 Ke8 43. Rd3 Bc7 44. Ng4 Ke7 45. Nxh6 Re5+ 46. Kf3 Rxh5 47. Ng4 Rf5+ 48. Ke2 Rc5 49. f4 Rc2+ 50. Kf3 Rc1 51. Ke4 Rc5 52. Nf2 Ba5 53. Kf3 Rc1 54. Ng4 Bc7 55. Rd2 Rb1 56. Rd3 Bd6 57. Ke4 Rc1 58. Ne5 Rc5 59. Nc4 Bc7 60. Kd4 Rh5 61. Kc3 Rh8 62. Rd2 Rc8 63. Rh2 e5 64. Rh7+ Ke6 65. fxe5 Bxe5+ 66. Kd3 Bf6 67. Rb7 Be7 68. Ke4 Rg8 69. Rb6+ Kd7 70. Ne5+ Kc7 71. Rc6+ Kb7 72. Rg6 Rxg6 73. Nxg6 Bc5 74. Ne5 Ka6 75. Nd3 Bb6 76. Kf4 Kb5 77. e4 Kc6 78. Kf5 Kd6 79. e5+ Ke7 80. Ke4 Bg1 81. Kd5 Be3 82. Kc6 Ke6 83. b4 1-0

[Event "Las Vegas 1000 GM op"]
[Site "Las Vegas"]
[Date "2023.06.11"]
[Round "6"]
[White "Harish, Neeraj"]
[Black "Nanugonda, Vishva"]
[Result "1/2-1/2"]
[WhiteElo "2231"]
[BlackElo "1924"]
[PlyCount "119"]
[EventDate "2023.06.08"]
[EventType "swiss"]
[EventRounds "9"]
[EventCountry "USA"]
[SourceTitle "CBM 214 Extra"]
[Source "ChessBase"]
[SourceDate "2023.07.31"]
[SourceVersion "1"]
[SourceVersionDate "2023.07.31"]
[SourceQuality "1"]

1. e4 c5 2. Nf3 Nc6 3. d4 cxd4 4. Nxd4 e5 5. Nb5 d6 6. N1c3 a6 7. Na3 Be7 8. Nc4 b5 9. Ne3 Nf6 10. Bd3 0-0 11. 0-0 Be6 12. Ncd5 Nd7 13. c3 Nb6 14. Nxb6 Qxb6 15. Nd5 Qb7 16. a4 f5 17. Qe2 b4 18. Bd2 f4 19. f3 b3 20. Be1 Bd8 21. Bf2 Ne7 22. Bc4 Nxd5 23. exd5 Bxd5 24. Rfd1 Bxc4 25. Qxc4+ Qf7 26. Qxf7+ Kxf7 27. Rxd6 Be7 28. Rd7 Rfd8 29. Rad1 Rxd7 30. Rxd7 Ke6 31. Rb7 Rd8 32. Rxe7+ Kf6 33. Bc5 Rd1+ 34. Kf2 Rd2+ 35. Kf1 Rxb2 36. Rb7 Ke6 37. Ba3 Rb1+ 38. Kf2 Kd5 39. Ke2 g5 40. h3 Kc4 41. Kd2 Rg1 42. Rb4+ Kd5 43. Rxb3 Rxg2+ 44. Kd3 Rf2 45. c4+ Ke6 46. Rc3 h5 47. c5 Kd5 48. Bb4 Rxf3+ 49. Ke2 Rxc3 50. Bxc3 e4 51. Bf6 g4 52. hxg4 hxg4 53. Bg5 f3+ 54. Ke3 g3 55. Bh4 f2 56. Ke2 e3 57. Bxg3 Kxc5 58. Bf4 Kb4 59. Bxe3 Kxa4 60. Kxf2 1/2-1/2

[Event "Las Vegas 1000 GM op"]
[Site "Las Vegas"]
[Date "2023.06.10"]
[Round "4"]
[White "Nanugonda, Vishva"]
[Black "Atwell, Rose"]
[Result "0-1"]
[WhiteElo "1924"]
[BlackElo "2220"]
[PlyCount "174"]
[EventDate "2023.06.08"]
[EventType "swiss"]
[EventRounds "9"]
[EventCountry "USA"]
[SourceTitle "CBM 214 Extra"]
[Source "ChessBase"]
[SourceDate "2023.07.31"]
[SourceVersion "1"]
[SourceVersionDate "2023.07.31"]
[SourceQuality "1"]

1. d4 d5 2. c4 e6 3. Nc3 Be7 4. Nf3 Nf6 5. Bg5 h6 6. Bh4 0-0 7. e3 b6 8. Be2 Bb7 9. Bxf6 Bxf6 10. 0-0 Nd7 11. Qb3 dxc4 12. Qxc4 c5 13. Rfd1 Qe7 14. Rab1 cxd4 15. exd4 Rfc8 16. Qa4 a6 17. Ne1 b5 18. Qa5 Qd6 19. Nc2 Bd8 20. Qb4 Qxb4 21. Nxb4 Ba5 22. a3 Bxb4 23. axb4 Nf6 24. Rbc1 Rd8 25. f3 Rd7 26. Kf2 Rad8 27. Ke3 Kf8 28. g4 Ke7 29. h4 g6 30. f4 h5 31. g5 Ne8 32. d5 exd5 33. Kd4 Ng7 34. Rf1 Nf5+ 35. Kd3 d4 36. Nb1 Nxh4 37. Nd2 Nf5 38. Rc5 Kf8 39. Bf3 Re8 40. Re5 Rxe5 41. fxe5 Bxf3 42. Nxf3 Rc7 43. Ra1 Rc6 44. Ke4 Ke7 45. Kd5 Kd7 46. Nxd4 Nxd4 47. Kxd4 Ke6 48. b3 h4 49. Rh1 Rc2 50. Rxh4 Rd2+ 51. Ke4 Re2+ 52. Kf4 Rxe5 53. Rh8 Rf5+ 54. Kg4 Rd5 55. Ra8 Rd4+ 56. Kf3 Rxb4 57. Rxa6+ Kf5 58. Rf6+ Kxg5 59. Rxf7 Rxb3+ 60. Kg2 Rd3 61. Rb7 Rd5 62. Kg3 Kf5 63. Kf3 Rd3+ 64. Ke2 Rb3 65. Kf2 g5 66. Kg2 Kg4 67. Rd7 Rb2+ 68. Kf1 Kf3 69. Rd3+ Ke4 70. Rd8 g4 71. Re8+ Kf3 72. Rf8+ Kg3 73. Rd8 Rb1+ 74. Ke2 Kg2 75. Rg8 g3 76. Ke3 Kh2 77. Kf3 Rf1+ 78. Ke2 Rf5 79. Rh8+ Kg1 80. Rg8 g2 81. Rg7 b4 82. Rb7 Kh2 83. Rh7+ Kg3 84. Rg7+ Kh3 85. Ke3 b3 86. Ke4 Rf1 87. Rh7+ Kg3 0-1

[Event "Sunnyvale 1000 GM Bona op"]
[Site "Sunnyvale"]
[Date "2023.04.23"]
[Round "3"]
[White "Nanugonda, Vishva"]
[Black "Zapata, Karen"]
[Result "1-0"]
[WhiteElo "1928"]
[BlackElo "2108"]
[PlyCount "53"]
[EventDate "2023.04.21"]
[EventType "swiss"]
[EventRounds "5"]
[EventCountry "USA"]
[SourceTitle "EXT 2024"]
[Source "ChessBase"]
[SourceDate "2023.10.10"]
[SourceVersion "1"]
[SourceVersionDate "2023.10.10"]
[SourceQuality "1"]

1. d4 g6 2. c4 Bg7 3. Nc3 d6 4. Nf3 Nf6 5. e4 0-0 6. h3 Nc6 7. d5 Nb8 8. Be2 Na6 9. Be3 e5 10. dxe6 Bxe6 11. 0-0 h6 12. Nd4 Bd7 13. Bf3 Qc8 14. Nd5 Kh7 15. Qd2 Re8 16. Bxh6 Nxe4 17. Bxe4 Rxe4 18. Bxg7 Kxg7 19. Rae1 Rxe1 20. Rxe1 c6 21. Qc3 Kh6 22. Ne7 Qh8 23. Re4 g5 24. h4 f6 25. Qg3 Rf8 26. hxg5+ fxg5 27. Rh4+ 1-0

[Event "Sunnyvale 1000 GM Bona op"]
[Site "Sunnyvale"]
[Date "2023.04.22"]
[Round "1"]
[White "Castillo Coca, Mairebys"]
[Black "Nanugonda, Vishva"]
[Result "1-0"]
[WhiteElo "2110"]
[BlackElo "1928"]
[PlyCount "105"]
[EventDate "2023.04.21"]
[EventType "swiss"]
[EventRounds "5"]
[EventCountry "USA"]
[SourceTitle "EXT 2024"]
[Source "ChessBase"]
[SourceDate "2023.10.10"]
[SourceVersion "1"]
[SourceVersionDate "2023.10.10"]
[SourceQuality "1"]

1. e4 c5 2. Nf3 Nc6 3. g3 g6 4. Bg2 Bg7 5. 0-0 Nf6 6. Nc3 0-0 7. d3 e5 8. Bg5 h6 9. Bxf6 Bxf6 10. Nd5 Bg7 11. c3 d6 12. Nd2 Be6 13. Nc4 Bxd5 14. exd5 Ne7 15. Qb3 Rb8 16. a4 f5 17. f4 exf4 18. gxf4 Kh7 19. Rae1 Rf6 20. Re2 g5 21. fxg5 hxg5 22. Ref2 Qd7 23. Qd1 Rbf8 24. Qh5+ Bh6 25. Ne3 Kg7 26. Ng4 fxg4 27. Rxf6 Rxf6 28. Rxf6 Kxf6 29. Qxh6+ Ng6 30. Be4 Qg7 31. Qh5 Ne5 32. Qe8 Qe7 33. Qh8+ Qg7 34. Qc8 Qd7 35. Qf8+ Nf7 36. b3 Qc7 37. Qg8 Qb6 38. Qg6+ Ke7 39. Qe6+ Kf8 40. Bg6 Ne5 41. Qf6+ Kg8 42. Bf5 Qc7 43. Qxg5+ Kf8 44. Qh6+ Ke8 45. Qh8+ Ke7 46. Bxg4 Nxg4 47. Qg7+ Kd8 48. Qxg4 Qb6 49. Qg8+ Kd7 50. Qe6+ Kc7 51. Qe7+ Kc8 52. Qe8+ Kc7 53. Qb5 1-0